The study of ethnomusicology: twenty-nine issues and concepts

Na minha lista:
Detalhes bibliográficos
Autor principal: Nettl, Bruno (Author)
Formato: Livro
Idioma:inglês
Publicado em: Chicago University of Illinois Press 1983
Edição:1a. ed
Assuntos:
Tags: Adicionar Tag
Sem tags, seja o primeiro a adicionar uma tag!

MARC

LEADER 00000cam a2200000 a 4500
001 UCC0462
003 CL-VaPUC
008 170811e19830000us |||||||||||||||||eng|d
020 |a 0252010396 
082 0 4 |a 780.89  |b NET  |2 21 
100 |a Nettl, Bruno  |e author  |9 594428 
245 1 4 |a The study of ethnomusicology: twenty-nine issues and concepts 
250 |a 1a. ed 
300 |a 410 p 
942 |c BK 
945 |d 20170811 15:21:00  |a arojas 
260 |a Chicago  |b University of Illinois Press  |c 1983 
650 0 |a Etnomusicología  |9 306273 
650 0 |a Musicología  |9 306520 
650 0 |a Historia de la música  |9 306741 
583 |a last modification  |c 20170811 15:21:00  |k Rodrigo Vera 
999 |c 369300  |d 369298 
952 |0 0  |1 0  |3 erb  |4 0  |6 780_890000000000000_NET_1983  |7 0  |8 ?  |9 484946  |a BIBEDU  |b BIBEDU  |i 5413710  |o 780.89 NET 1983  |p 5413710  |r 2023-01-12  |w 2019-11-24  |y BK  |z Catalogado en:20170811  |k MUS